Movies Quiz

Random Movies or Oscar Quiz

Oscar nominees by director: 2019 Quiz Stats

 Plays Quiz not verified by Sporcle

Support Sporcle.
Go Orange.
Score 0/25 Timer 04:00
0 Plays Today
% Correct
Once Upon a Time...in Hollywood
100%
The Irishman
97.2%
Parasite
97.2%
Jojo Rabbit
96.3%
Joker
95.4%
Star Wars: The Rise of Skywalker
95.4%
Little Women
94.5%
Richard Jewell
94.5%
1917
93.6%
Marriage Story
92.7%
Knives Out
91.7%
Avengers: Endgame
89%
The Lion King
89%
% Correct
Pain and Glory
88.1%
Ford v Ferrari
82.6%
The Two Popes
71.6%
A Beautiful Day in the Neighborhood
71.6%
Bombshell
70.6%
Ad Astra
69.7%
The Lighthouse
68.8%
Rocketman
63.3%
Harriet
59.6%
Judy
57.8%
Maleficent: Mistress of Evil
51.4%
Breakthrough
46.8%

You're not logged in!

Compare scores with friends on all Sporcle quizzes.
OR
Log In

From the Vault

Scrambled Word Maze

by youkilis

You might want to try bringing some bread crumbs or a very smart dog to get you out of this.
Remove Ads.
Support Sporcle.
Get the best of Sporcle when you Go Orange. This ad-free experience offers more features, more stats, and more fun while also helping to support Sporcle. Thank you for becoming a member.

Show Comments

Extras

Top Quizzes Today


Score Distribution

Your Account Isn't Verified!

In order to create a playlist on Sporcle, you need to verify the email address you used during registration. Go to your Sporcle Settings to finish the process.

Report this User

Report this user for behavior that violates our Community Guidelines.

Details: